Mosambik-Quiz - Statistiken

Allgemein
  • Dieses Quiz wurde 1.224 mal gespielt
  • Das Durchschnittsergebnis liegt bei 12 aus 20
Antwortstatistiken
Frage Antwort % Korrekt
Länder, die an Mosambik grenzen Südafrika
96%
Länder, die an Mosambik grenzen Tansania
94%
Länder, die an Mosambik grenzen Simbabwe
92%
Große Insel ungefähr 200 km östlich von Mosambik Madagaskar
90%
Länder, die an Mosambik grenzen Sambia
90%
Länder, die an Mosambik grenzen Malawi
85%
Länder, die an Mosambik grenzen Eswatini
84%
Was Mosambik von der obigen Insel trennt {Straße} von Mosambik
76%
Hauptstadt von Mosambik Maputo
69%
Gewehr auf der Flagge abgebildet AK-47
67%
Amtssprache Portugiesisch
62%
Seefahrer, der während seiner Reise nach Indien 1498 Mosambik besuchte Vasco da Gama
53%
Dies dauerte sechzehn Jahre und endete in 1992 Bürgerkrieg
50%
Längste Flüsse durch Mosambik Sambesi
43%
Metall, das am meisten exportiert wird Aluminium
34%
Grundnahrungswurzel, reich an Stärke Cassava
28%
Fußballer geboren in Mosambik, "Schwarzer Panther" genannt Eusébio
18%
Längste Flüsse durch Mosambik Limpopo
16%
Währung Neuer Metical
14%
Drei meistverbreitete Ethnien Mosambiks (Nennen Sie eine) Makua | Tsonga | Yao
11%
Keine übereinstimmenden Quizze gefunden
Verteilung der Resultate
Anzahl Personen mit jedem Resultat
Perzentil nach korrekt beantworteten Fragen
Ihre Resultats-Entwicklung
Sie haben dieses Quiz noch nicht gespielt